000 00590nam a2200229Ia 4500
003 OSt
005 20220923221722.0
006 a|||||r|||| 00| 0
007 ta
008 220922b |||||||| |||| 00| 0 hin d
024 _a199,594
037 _cTextual
040 _aARTS
_cARTS
_bhin
041 _2hin
_ahin
082 _aQ2:315, 152L1
100 _aमेहेर बाबा
245 0 _aयुग अवतार
246 _aYug avatāra
260 _c1984
942 _hQ2:315, 152L1
_cTEXL
_2CC
999 _c351334
_d351334